| 000 | 00784nam a2200301 4500 | ||
|---|---|---|---|
| 001 | 002336 | ||
| 003 | DO-SdBNP | ||
| 005 | 20180222121038.0 | ||
| 007 | 002336 | ||
| 008 | 840918s1983 sp a 000 spa | ||
| 016 | 7 |
_a _z _2BPMSU |
|
| 017 |
_a _b |
||
| 020 | _a8427933525 | ||
| 035 | _a | ||
| 040 |
_aBPMSU _bspa _cBPMSU _e |
||
| 080 | 0 | _a | |
| 100 | 1 | _aPérez Avello, Carmen | |
| 245 | 1 | 0 |
_aSueño de un gato negro / _cCarmen Pérez Avello _h |
| 250 | _a | ||
| 260 |
_aBarcelona : _bNoguer, _c1983. |
||
| 300 |
_a90 p.: _bil.; _c19 cm |
||
| 490 | 1 |
_aMundo mágico _v40 |
|
| 700 | 1 | 2 |
_aPérez Escrivá, Clara _eil. |
| 830 | 0 |
_aMundo mágico _v40 |
|
| 942 |
_2ddc _cBK |
||
| 945 | _aInventariado, 2018 /LP | ||
| 956 |
_aVMATEO _b10 _c20160523 _dBPMSU _f0069 _2 |
||
| 999 |
_c10194 _d10194 |
||